ARRUPE JESUIT UNIVERSITY

CORONAVIRUS -STOP THE SPREAD - CLEAN,DISINFECT,COVER
Normal view MARC view

Entry Personal Name

Number of records used in: 2

001 - CONTROL NUMBER

  • control field: 19849

003 - CONTROL NUMBER IDENTIFIER

  • control field: ARRUPE

005 - DATE AND TIME OF LATEST TRANSACTION

  • control field: 20150911154335.0

008 - FIXED-LENGTH DATA ELEMENTS

  • fixed length control field: 150911|| aca||aabn | a|a d

040 ## - CATALOGING SOURCE

  • Original cataloging agency: ARRUPE
  • Transcribing agency: ARRUPE

100 ## - HEADING--PERSONAL NAME

  • Personal name: Plato.
  • Title of a work: Dialogues.

670 ## - SOURCE DATA FOUND

  • Source citation: Work cat.: (ARRUPE)0: Tejera, V. (Victorino) 19847, Rewriting the history of ancient Greek philosophy /, 1997.

 

Arrupe Library. PO Box MP320 Mt Pleasant, Harare, Zimbabwe
263 242 745411|librarian@aju.ac.zw